Largest European Cities by Decade (1000-1090) - Statistics

General Stats
  • This quiz has been taken 48 times
  • The average score is 46 of 70
Answer Stats
Year Rank Population Answer % Correct
2. 235,000 Constantinople
96%
2. 243,000 Constantinople
96%
1020 1. 250,000 Constantinople
96%
1030 1. 258,000 Constantinople
96%
1040 1. 266,000 Constantinople
96%
1050 1. 274,000 Constantinople
96%
1060 1. 281,000 Constantinople
96%
1070 1. 289,000 Constantinople
96%
1080 1. 259,000 Constantinople
96%
1090 1. 228,000 Constantinople
96%
7. 30,000 Rome
93%
7. 30,000 Rome
93%
7. 30,000 Rome
93%
7. 30,000 Rome
93%
7. 30,000 Rome
93%
7. 30,000 Rome
93%
7. 30,000 Rome
93%
7. 30,000 Rome
93%
7. 30,000 Rome
93%
7. 30,000 Rome
93%
3. 72,000 Seville
72%
3. 72,000 Seville
72%
3. 72,000 Seville
72%
4. 73,000 Seville
72%
4. 73,000 Seville
72%
4. 73,000 Seville
72%
4. 74,000 Seville
72%
4. 74,000 Seville
72%
3. 75,000 Seville
72%
3. 75,000 Seville
72%
1000 1. 450,000 Córdoba
63%
1010 1. 342,000 Córdoba
63%
2. 177,000 Córdoba
63%
2. 103,000 Córdoba
63%
2. 98,000 Córdoba
63%
2. 95,000 Córdoba
63%
2. 92,000 Córdoba
63%
2. 89,000 Córdoba
63%
2. 86,000 Córdoba
63%
2. 83,000 Córdoba
63%
4. 60,000 Palermo
54%
4. 65,000 Palermo
54%
4. 69,000 Palermo
54%
3. 75,000 Palermo
54%
3. 79,000 Palermo
54%
3. 84,000 Palermo
54%
3. 89,000 Palermo
54%
3. 88,000 Palermo
54%
4. 73,000 Palermo
54%
4. 57,000 Palermo
54%
5. 40,000 Salonica
43%
5. 41,000 Salonica
43%
5. 42,000 Salonica
43%
5. 44,000 Salonica
43%
5. 45,000 Salonica
43%
5. 47,000 Salonica
43%
5. 48,000 Salonica
43%
5. 49,000 Salonica
43%
5. 46,000 Salonica
43%
5. 40,000 Salonica
43%
6. 37,000 Toledo
41%
6. 37,000 Toledo
41%
6. 37,000 Toledo
41%
6. 37,000 Toledo
41%
6. 37,000 Toledo
41%
6. 37,000 Toledo
41%
6. 37,000 Toledo
41%
6. 37,000 Toledo
41%
6. 37,000 Toledo
41%
6. 35,000 Toledo
41%
No matching quizzes found
Score Distribution
Percent of People with Each Score
Percentile by Number Answered
Your Score History
You have not taken this quiz